Biggest Cities in Oregon Quiz (2020) - Statistics

General Stats
  • This quiz has been taken 32 times
  • The average score is 12 of 20
Answer Stats
Population Answer % Correct
652,503 Portland
100%
175,535 Salem
94%
176,654 Eugene
87%
99,178 Bend
81%
114,247 Gresham
74%
106,447 Hillsboro
74%
97,494 Beaverton
71%
85,824 Medford
71%
59,922 Corvallis
65%
61,851 Springfield
58%
56,472 Albany
55%
54,539 Tigard
48%
37,572 Oregon City
45%
40,732 Lake Oswego
42%
39,189 Grants Pass
39%
33,274 Redmond
35%
27,942 Tualatin
35%
39,376 Keizer
32%
34,319 McMinnville
23%
27,373 West Linn
23%
No matching quizzes found
Score Distribution
Percent of People with Each Score
Percentile by Number Answered
Your Score History
You have not taken this quiz